000 00828nam a2200205 i 4500
001 124785
003 ES-MaACL
005 20250810211858.0
007 t|
008 070419s1925 sp ||||1| spa d
245 0 0 _aHomenaje a la memoria /
_cde Federico H. Shaw.
260 _aMadrid :
_b[s.n.],
_c1925 (
_fSobrinos Sucesores de Minuesa de los Ríos)
300 _a51 p., [4] h. de lám. ;
_c20 cm.
490 1 _aPublicaciones del Instituto Nacional de Previsión ;
_v150
500 _aCelebrado en El Ferrol el día 26 de octubre de 1924 por iniciativa de los obreros, patrocinado por el Ayuntamiento de dicha ciudad.
600 1 7 _aShaw, Federico H.,
_d1864-1923
_2
_9155600
830 0 _aPublicaciones del Instituto Nacional de Previsión ;
_v150
_9181151
852 _aES-MaACL
_jC-12628(3)
999 _c124785
_d124785